Verbose Movie Titles II Quiz Stats

 Plays Quiz Updated Jan 17, 2017

Also try: Movie Time
Challenge
Share
Tweet
Embed
Score 0/20 Timer 10:00
3 Plays Today
Verbose Title Movie % Correct
The Supreme Spirit of Evil Is Attired in Luxury Goods Manufactured By a Renowned Italian Fashion LabelThe Devil Wears Prada
77.3%
Institution Exhibiting Historical, Artistic or Scientific Objects of Interest During the Daily Period of DarknessNight at the Museum
67.3%
The Edible Vine Fruit Yielded By Intense IndignationThe Grapes of Wrath
67.1%
Pure Crystallized Pieces of Carbon Exist in PerpetuityDiamonds Are Forever
61.3%
Periodic Payment in Return for AccommodationRent
59.5%
The Person Recognized By an Educational Institution With an Academic DegreeThe Graduate
59.1%
The United Kingdom Native Under Medical CareThe English Patient
58.8%
The Mythological Creature Featuring Both Fish and Human Anatomical Parts on a Small ScaleThe Little Mermaid
58.7%
A Variable Amount of Currency Equivalent to the Quantity That Can Be Confined Within a Clenched HandA Fistful of Dollars
45.3%
The Location at Which the Undomesticated Entities Can Be FoundWhere The Wild Things Are
41%
Verbose Title Movie % Correct
Provencal Vegetable StewRatatouille
35.6%
Rounded Protuberances That Are Affixed to Pieces of Furniture Providing a Place To Sleep Coupled With Cylindrical Handles That Are Used in the Manufacture of Cleaning ImplementsBedknobs and Broomsticks
33.6%
Experiencing Life as the Star of Making Mr. RightBeing John Malkovich
29.1%
Generally Unaware of the Current Reality of a SituationClueless
28.2%
Forceful Contact Occurring UnexpectedlySudden Impact
27.7%
Oil-Based Lubricant Characterised By a High Initial ViscosityGrease
27.1%
Fundamental Innate Tendency Common to a Given Biological SpeciesBasic Instinct
24.6%
The Elongated Depression Between Hills at Which I Resided Appeared To Be At What Level of Emerald-Like HueHow Green Was My Valley
23.9%
Sound Reproduction Using Sophisticated Electronic Equipment Resulting in Very Little Distortion of the Original SignalHigh Fidelity
16.9%
Those Absent From the Location They Most Recently InhabitedThe Departed
13.9%

You're not logged in!

Compare scores with friends on all Sporcle quizzes.
Join for Free
OR
Log In

You Might Also Like...

Show Comments

Extras

Top Quizzes Today


Score Distribution

Your Account Isn't Verified!

In order to create a playlist on Sporcle, you need to verify the email address you used during registration. Go to your Sporcle Settings to finish the process.

Report this User

Report this user for behavior that violates our Community Guidelines.

Details: